|
|
|
|
| LEADER |
01011nab a2200229 i 4500 |
| 001 |
acta80194 |
| 005 |
20230826105418.0 |
| 008 |
230822s1985 hu o 0|| hun d |
| 022 |
|
|
|a 0422-9576
|
| 040 |
|
|
|a SZTE Egyetemi Kiadványok Repozitórium
|b hun
|
| 041 |
|
|
|a hun
|
| 100 |
1 |
|
|a Korány Kornél
|
| 245 |
1 |
0 |
|a Könyvismertetés - Szabó S. András
|h [elektronikus dokumentum] :
|b Radioökológia és környezetvédelem. Mezőgazdasági Kiadó, Budapest, 1985. /
|c Korány Kornél
|
| 260 |
|
|
|a Pallas Lap- és Könyvkiadó Vállalat
|b Budapest
|c 1985
|
| 300 |
|
|
|a 184
|
| 490 |
0 |
|
|a Élelmiszervizsgálati közlemények
|v 31 No. 3
|
| 650 |
|
4 |
|a Műszaki és technológiai tudományok
|
| 650 |
|
4 |
|a Egyéb műszaki tudományok és technológiák
|
| 650 |
|
4 |
|a Élelmiszer és italfélék
|
| 695 |
|
|
|a Radioaktív szennyeződés - környezetvédelem - könyvismertetés
|
| 700 |
0 |
1 |
|a Szabó S. András
|
| 856 |
4 |
0 |
|u http://acta.bibl.u-szeged.hu/80194/1/elelmiszervizsgalati_kozlemenyek_1985_03_184.pdf
|z Dokumentum-elérés
|